NATIONAL INTEGRITY PLAN (Record no. 223)
[ view plain ]
| 000 -LEADER | |
|---|---|
| fixed length control field | nam a22 7a 4500 |
| 005 - DATE AND TIME OF LATEST TRANSACTION | |
| control field | 20170427092607.0 |
| 008 - FIXED-LENGTH DATA ELEMENTS--GENERAL INFORMATION | |
| fixed length control field | 170427b20042010my ||||| |||| 00| 0 eng d |
| 020 ## - INTERNATIONAL STANDARD BOOK NUMBER | |
| International Standard Book Number | 9789675091087 |
| 040 ## - CATALOGING SOURCE | |
| Original cataloging agency | AKMAL |
| 082 ## - DEWEY DECIMAL CLASSIFICATION NUMBER | |
| Classification number | 172.209595 NAT |
| 090 ## - LOCALLY ASSIGNED LC-TYPE CALL NUMBER (OCLC); LOCAL CALL NUMBER (RLIN) | |
| Classification number (OCLC) (R) ; Classification number, CALL (RLIN) (NR) | 172.209595 |
| Local cutter number (OCLC) ; Book number/undivided call number, CALL (RLIN) | NAT |
| 245 ## - TITLE STATEMENT | |
| Title | NATIONAL INTEGRITY PLAN |
| 300 ## - PHYSICAL DESCRIPTION | |
| Extent | 157ms |
| Dimensions | 23cm |
| 942 ## - ADDED ENTRY ELEMENTS (KOHA) | |
| Source of classification or shelving scheme | |
| Koha item type | Book |
| Withdrawn status | Lost status | Source of classification or shelving scheme | Damaged status | Not for loan | Collection code | Home library | Current library | Shelving location | Date acquired | Inventory number | Total Checkouts | Full call number | Barcode | Date last seen | Price effective from | Koha item type |
|---|---|---|---|---|---|---|---|---|---|---|---|---|---|---|---|---|
| NON-FICTION | AKMAL Melaka | AKMAL Melaka | PINJAMAN | 27.04.2017 | 100570 | 172.209595 NAT | 201700547 | 27.04.2017 | 27.04.2017 | Book | ||||||
| NON-FICTION | AKMAL Melaka | AKMAL Melaka | PINJAMAN | 27.04.2017 | 100571 | 172.209595 NAT | 201700548 | 27.04.2017 | 27.04.2017 | Book | ||||||
| NON-FICTION | AKMAL Melaka | AKMAL Melaka | PINJAMAN | 27.04.2017 | 100569 | 172.209595 NAT | 201700549 | 27.04.2017 | 27.04.2017 | Book | ||||||
| NON-FICTION | AKMAL Melaka | AKMAL Melaka | PINJAMAN | 27.04.2017 | 100549 | 172.209595 NAT | 201700551 | 27.04.2017 | 27.04.2017 | Book |
